| 000 | 00541nam a2200145Ia 4500 | ||
|---|---|---|---|
| 008 | 170221s9999 xx 000 0 und d | ||
| 100 | _aSubrahmanian Muthuraman | ||
| 245 | _aExamining the Factors of Organizational Citizenship Behaviour with reference to Corporate Sectors in Sultanate of Oman | ||
| 245 | _cSubrahmanian Muthuraman, Mohammed Al-Haziazi | ||
| 260 | _bInternational Review of Management and Marketing | ||
| 260 | _c2017 | ||
| 300 | _a7 : 1 | ||
| 650 | _xMarketing. | ||
| 856 | _uhttp://www.econjournals.com/index.php/irmm | ||
| 999 |
_c308018 _d308018 |
||